世界遺産を多く保有する国 - Statistics

General Stats
  • This quiz has been taken 158 times
  • The average score is 27 of 32
Answer Stats
合計数 うち文化遺産 % Correct
中国 56 38
100%
イタリア 58 53
98%
フランス 49 43
98%
ロシア 30 19
98%
日本 25 19
98%
アメリカ 24 11
98%
イギリス 33 28
97%
ブラジル 23 15
97%
ドイツ 51 48
96%
スペイン 49 43
96%
インド 40 32
96%
メキシコ 35 27
93%
カナダ 20 9
93%
韓国 15 13
91%
オーストラリア 20 4
90%
ポルトガル 17 16
88%
オーストリア 12 11
87%
アルゼンチン 11 6
87%
ギリシャ 18 16
86%
トルコ 19 17
85%
ポーランド 17 15
83%
スウェーデン 15 13
81%
スイス 13 10
80%
イラン 26 24
78%
オランダ 12 11
77%
デンマーク 10 7
76%
ベルギー 15 14
75%
ペルー 13 9
73%
南アフリカ 10 5
67%
チェコ 16 16
65%
クロアチア 10 8
48%
ブルガリア 10 7
45%
No matching quizzes found
Score Distribution
Percent of People with Each Score
Percentile by Number Answered
Your Score History
You have not taken this quiz